Para una teoría sociológica de la religión

Salvato in:
Dettagli Bibliografici
Autore principale: Berger, Peter L (Autore)
Natura: Libro
Lingua:spagnolo
Pubblicazione: Barcelona Kairos 1971
Soggetti:
Tags: Aggiungi Tag
Nessun Tag, puoi essere il primo ad aggiungerne!!

MARC

LEADER 00000nam a2200000 a 4500
001 UCR6162
003 CL-VaPUC
008 980420e19710000SP |||||||||||||||||spa|d
082 0 4 |a 306.6  |b BER  |2 21 
100 0 |a Berger, Peter L  |e author  |9 342247 
245 1 0 |a Para una teoría sociológica de la religión 
300 |a 258 p 
942 |c BK 
945 |d 19980420 00:00:00  |a rbrito 
260 |a Barcelona  |b Kairos  |c 1971 
650 0 |a Religión y sociología  |9 312467 
650 0 |a Secularización  |9 258584 
583 |a last modification  |c 19980420 00:00:00  |k Rodrigo Vera 
999 |c 268464  |d 268462 
952 |0 0  |1 0  |4 0  |6 306_600000000000000_BER_1971  |7 0  |8 P  |9 301626  |a BIBEDU  |b BIBEDU  |c BIBEDU_PB  |d 2019-11-20  |i 3419002  |o 306.6 BER 1971  |p 3419002  |r 2024-01-25  |w 2019-11-20  |y BK  |k BME